The small house at Allington / (Record no. 22275)
[ view plain ]
| 000 -LEADER | |
|---|---|
| fixed length control field | 00833nam a22002531 4500 |
| 001 - CONTROL NUMBER | |
| control field | 22275 |
| 003 - CONTROL NUMBER IDENTIFIER | |
| rucl marc code | BD-RjUL |
| 005 - DATE AND TIME OF LATEST TRANSACTION | |
| control field | 20211209000804.0 |
| 008 - FIXED-LENGTH DATA ELEMENTS--GENERAL INFORMATION | |
| fixed length control field | 140308s19511909enk 000 1 eng |
| 035 ## - SYSTEM CONTROL NUMBER | |
| System control number | (OCoLC)1385966 |
| -- | (BD-RjUL)22340 |
| 040 ## - CATALOGING SOURCE | |
| Original cataloging agency | DLC |
| Transcribing agency | OYU |
| Modifying agency | OCoLC |
| -- | DLC |
| -- | BD-RjUL |
| Language of cataloging | eng |
| 041 ## - LANGUAGE CODE | |
| Language code of text/sound track or separate title | eng |
| 082 ## - DEWEY DECIMAL CLASSIFICATION NUMBER | |
| Classification number | 823 |
| Author mark and year | TRS 1951 |
| 100 1# - MAIN ENTRY--PERSONAL NAME | |
| Personal name | Trollope, Anthony, |
| Dates associated with a name | 1815-1882. |
| 9 (RLIN) | 68767 |
| 245 14 - TITLE STATEMENT | |
| Title | The small house at Allington / |
| Statement of responsibility, etc. | Anthony Trollope. |
| 260 ## - PUBLICATION, DISTRIBUTION, ETC. (IMPRINT) | |
| Place of publication, distribution, etc. | London ; |
| Name of publisher, distributor, etc. | J.M. Dent ; |
| Place of publication, distribution, etc. | New York : |
| Name of publisher, distributor, etc. | E.P. Dutton, |
| Date of publication, distribution, etc. | 1909 [Reprinted 1951]. |
| 300 ## - PHYSICAL DESCRIPTION | |
| Pagination | x, 583 p. ; |
| Size | 18 cm. |
| 490 0# - SERIES STATEMENT | |
| Series statement | Everyman's library. Fiction. [no. 361] |
| 500 ## - GENERAL NOTE | |
| General note | "First published in this edition, 1909; reprinted ... 1934." |
| 504 ## - BIBLIOGRAPHY, ETC. NOTE | |
| Bibliography, etc | Bibliography: p. viii. |
| 650 ## - SUBJECT ADDED ENTRY--TOPICAL TERM | |
| Topical term or geographic name as entry element | English fiction |
| 9 (RLIN) | 167396 |
| 942 ## - ADDED ENTRY ELEMENTS (KOHA) | |
| Source of classification or shelving scheme | Dewey Decimal Classification |
| Koha item type | Books |
| Lost status | Source of classification or shelving scheme | Damaged status | Not for loan | Collection code | Permanent Location | Current Location | Shelving location | Date acquired | Source of acquisition | Cost, normal purchase price | Total Checkouts | Full call number | Date last seen | Copy number | Koha item type |
|---|---|---|---|---|---|---|---|---|---|---|---|---|---|---|---|
| Dewey Decimal Classification | Added to bundle | Fiction | Central Library, University of Rajshahi | Central Library, University of Rajshahi | Reading Room | 27/09/1955 | B. H. Blackwell | 55.00 | 823 TRS 1951 | 08/03/2014 | C-1 | Books | |||
| Dewey Decimal Classification | Fiction | Central Library, University of Rajshahi | Central Library, University of Rajshahi | 26/10/1968 | Zitlinger | 13.60 | 823 TRS 1965 | 08/03/2014 | C-4 | Books | |||||
| Dewey Decimal Classification | Fiction | Central Library, University of Rajshahi | Central Library, University of Rajshahi | 05/01/1973 | Zeitlinger | 823 TRS 1950 | 26/11/2016 | C-2 | Books |